000 00722nam a22002177a 4500
999 _c5780
_d5780
001 5780
003 BD-JhCC
005 20180908134016.0
008 171218s2013 bg a|||| ||a| 000 0 ben d
035 _a(BD-JhCC)5780
040 _aBD-JhCC
_dBD-JhCC
041 _aben
082 _a519.5
_bSHA 2013
100 _aশরীফ, খান মোহাম্মদ
245 _aপরিসংখ্যান প্রথম পত্র একাদশ-দ্বাদশ শ্রেণী /
_cখান মোহাম্মদ শরীফ
260 _aঢাকা :
_bহাসান বুক হাউস,
_c2013.
300 _a264 p. :
_c23 cm.
650 _aStatistics
942 _2ddc
_cBK
_01